| 000 -LEADER |
| fixed length control field |
01050nam a2200253Ia 4500 |
| 001 - CONTROL NUMBER |
| control field |
9169 |
| 003 - CONTROL NUMBER IDENTIFIER |
| control field |
GE_BSU |
| 005 - DATE AND TIME OF LATEST TRANSACTION |
| control field |
20211018131942.0 |
| 008 - FIXED-LENGTH DATA ELEMENTS--GENERAL INFORMATION |
| fixed length control field |
181216s2008||||enk|||||||||||||| ||eng|| |
| 020 ## - INTERNATIONAL STANDARD BOOK NUMBER |
| International Standard Book Number |
9789941404085 |
| 040 ## - CATALOGING SOURCE |
| Transcribing agency |
GE_BSU |
| 041 ## - LANGUAGE CODE |
| Language code of text/sound track or separate title |
eng |
| 080 ## - UNIVERSAL DECIMAL CLASSIFICATION NUMBER |
| Universal Decimal Classification number |
811.111(072)(075.8) B-35 |
| 100 ## - MAIN ENTRY--PERSONAL NAME |
| Personal name |
Tsitsishvili, Rusudan |
| 9 (RLIN) |
12673 |
| 245 ## - TITLE STATEMENT |
| Title |
Becoming an English Teather: |
| Remainder of title |
Theory and practice of teaching English in Georgia : A pre-service teacher training course / |
| Statement of responsibility, etc. |
Rusudan Tsitsishvili...(and others). |
| 264 ## - PRODUCTION, PUBLICATION, DISTRIBUTION, MANUFACTURE, AND COPYRIGHT NOTICE |
| Place of production, publication, distribution, manufacture |
Tbilisi : |
| Name of producer, publisher, distributor, manufacturer |
British Council , |
| Date of production, publication, distribution, manufacture, or copyright notice |
2008. |
| 300 ## - PHYSICAL DESCRIPTION |
| Extent |
174 გვ. |
| Other physical details |
28ს მ. |
| 653 ## - INDEX TERM--UNCONTROLLED |
| keyword |
Becoming an English Teather: Theory and Practice of Teaching English in Georgia |
| 653 ## - INDEX TERM--UNCONTROLLED |
| keyword |
ინგლისური ენის სწავლების მეთოდიკის სახელმძღვანელო |
| 700 ## - ADDED ENTRY--PERSONAL NAME |
| Personal name |
Nijaradze, Nino |
| Relator term |
ავტორი |
| 9 (RLIN) |
12674 |
| 700 ## - ADDED ENTRY--PERSONAL NAME |
| Personal name |
Darchia, Maya |
| Relator term |
ავტორი |
| 9 (RLIN) |
12675 |
| 710 ## - ADDED ENTRY--CORPORATE NAME |
| Corporate name or jurisdiction name as entry element |
British Council of Georgia |
| 9 (RLIN) |
12676 |
| 942 ## - ADDED ENTRY ELEMENTS (KOHA) |
| Koha item type |
წიგნი |
| Source of classification or shelving scheme |
|